[Event "Chigorin Memorial 26th"]
[Site "St Petersburg"]
[Date "2018.11.03"]
[Round "8"]
[White "Atakishiev, Emil"]
[Black "Leontiev, Aleksandr V"]
[Result "1-0"]
[WhiteElo "1658"]
[BlackElo "2276"]
[PlyCount "75"]
[EventDate "2018.10.27"]
[EventType "swiss"]
[EventRounds "9"]
[EventCountry "RUS"]
[SourceTitle "CBM 187 Extra"]
[Source "ChessBase"]
[SourceDate "2018.11.04"]
[SourceVersion "1"]
[SourceVersionDate "2018.11.04"]
[SourceQuality "1"]

1. e4 c5 2. Nf3 e6 3. d3 Nc6 4. g3 g6 5. Nbd2 Bg7 6. Bg2 Nge7 7. 0-0 0-0 8. Re1 b6 9. h4 Bb7 10. e5 Nf5 11. Nc4 d5 12. exd6 b5 13. Ncd2 Qb6 14. Ne4 Rad8 15. h5 Nxd6 16. Nxd6 Rxd6 17. Ng5 Nd4 18. c3 Bxg2 19. Kxg2 Qc6+ 20. Kg1 Nf5 21. Ne4 Rd5 22. h6 Bh8 23. Qf3 Rfd8 24. Bg5 f6 25. Bxf6 Rxd3 26. Qf4 e5 27. Bxe5 Bxe5 28. Qxe5 Rf8 29. Red1 c4 30. Rxd3 cxd3 31. Rd1 Rd8 32. Nf6+ Kf7 33. Nxh7 Nxh6 34. Ng5+ Kg8 35. Ne6 Rd7 36. Qf6 Qd6 37. Qxg6+ Kh8 38. Qxh6+ 1-0

[Event "Chigorin Memorial 26th"]
[Site "St Petersburg"]
[Date "2018.11.01"]
[Round "6"]
[White "Atakishiev, Emil"]
[Black "Sinitsina, Anastassia"]
[Result "1-0"]
[WhiteElo "1658"]
[BlackElo "2130"]
[PlyCount "69"]
[EventDate "2018.10.27"]
[EventType "swiss"]
[EventRounds "9"]
[EventCountry "RUS"]
[SourceTitle "CBM 187 Extra"]
[Source "ChessBase"]
[SourceDate "2018.11.04"]
[SourceVersion "1"]
[SourceVersionDate "2018.11.04"]
[SourceQuality "1"]

1. e4 e5 2. Nf3 Nc6 3. Bb5 a6 4. Ba4 Nf6 5. 0-0 Nxe4 6. d4 b5 7. Bb3 d5 8. dxe5 Be6 9. Nbd2 Nc5 10. c3 Nxb3 11. Nxb3 Be7 12. Nfd4 Nxd4 13. cxd4 0-0 14. Bd2 f6 15. f4 fxe5 16. fxe5 Bf5 17. a3 Rf7 18. Bb4 Bg5 19. Qe2 Qe8 20. Rae1 Qe6 21. Nc5 Qg6 22. e6 Rf6 23. Nd7 Rxe6 24. Ne5 Rxe5 25. Qxe5 Be4 26. Rxe4 Qxe4 27. Qxg5 Qxd4+ 28. Kh1 Qc4 29. Rc1 Qd3 30. Bc3 Kf7 31. Qxg7+ Ke6 32. Qf6+ Kd7 33. Be5 c5 34. Qf7+ Kd8 35. Bf6+ 1-0

[Event "Chigorin Memorial 26th"]
[Site "St Petersburg"]
[Date "2018.10.28"]
[Round "2"]
[White "Atakishiev, Emil"]
[Black "Pogorelskikh, Sofia"]
[Result "1-0"]
[WhiteElo "1658"]
[BlackElo "2041"]
[PlyCount "137"]
[EventDate "2018.10.27"]
[EventType "swiss"]
[EventRounds "9"]
[EventCountry "RUS"]
[SourceTitle "CBM 187 Extra"]
[Source "ChessBase"]
[SourceDate "2018.11.04"]
[SourceVersion "1"]
[SourceVersionDate "2018.11.04"]
[SourceQuality "1"]

1. e4 c5 2. Nf3 d6 3. d4 cxd4 4. Nxd4 Nf6 5. Nc3 a6 6. Be3 e5 7. Nb3 Be6 8. f3 h5 9. Qd2 Nbd7 10. 0-0-0 g6 11. Kb1 Rc8 12. Bg5 Be7 13. g3 b5 14. a3 Qb6 15. h4 0-0 16. Bh3 Bxh3 17. Rxh3 a5 18. g4 b4 19. axb4 axb4 20. Nd5 Nxd5 21. Qxd5 Qf2 22. Qd2 Qxd2 23. Rxd2 hxg4 24. fxg4 f6 25. Bh6 Rf7 26. Be3 Rc4 27. Rg2 Rf8 28. Nd2 Rc6 29. h5 g5 30. b3 Ra8 31. Nc4 Bd8 32. Bd2 Nc5 33. Bxb4 Nxe4 34. Nd2 Rb8 35. Nxe4 Rxb4 36. Rc3 Rxc3 37. Nxc3 Rd4 38. Ne2 Rd2 39. Kc1 Ba5 40. Nf4 Rd4 41. Ne2 Re4 42. Kb2 Bb6 43. c4 Re3 44. Ng3 e4 45. Nf5 Rf3 46. Re2 e3 47. Kc3 Rf2 48. Kd3 Rf4 49. Ne7+ Kf7 50. Nd5 Rd4+ 51. Kc3 Ba7 52. Nxe3 Re4 53. Kd2 Bxe3+ 54. Rxe3 Rxg4 55. Rd3 Ke6 56. Rh3 Kf7 57. h6 Kg8 58. Rd3 Rg2+ 59. Kc3 f5 60. Rxd6 f4 61. c5 Rg3+ 62. Kc2 Rg2+ 63. Rd2 f3 64. c6 f2 65. c7 f1Q 66. c8Q+ Kh7 67. Qd7+ Kxh6 68. Qh3+ Kg6 69. Rxg2 1-0

[Event "St Petersburg Korchnoi Memorial op"]
[Site "St Petersburg"]
[Date "2018.08.17"]
[Round "3"]
[White "Atakishiev, Emil"]
[Black "Andrijashkin, Deniss"]
[Result "0-1"]
[WhiteElo "1631"]
[BlackElo "1828"]
[PlyCount "62"]
[EventDate "2018.08.15"]
[EventType "swiss"]
[EventRounds "9"]
[EventCountry "RUS"]
[SourceTitle "CBM 186 Extra"]
[Source "ChessBase"]
[SourceDate "2018.08.24"]
[SourceVersion "1"]
[SourceVersionDate "2018.08.24"]
[SourceQuality "1"]

1. e4 e5 2. Nf3 Nc6 3. Bb5 Nge7 4. 0-0 g6 5. c3 a6 6. Ba4 b5 7. Bb3 Bg7 8. d4 exd4 9. cxd4 d6 10. h3 0-0 11. a3 Rb8 12. Be3 Na5 13. Ba2 c5 14. Nbd2 Nac6 15. d5 Ne5 16. Nxe5 Bxe5 17. Rb1 f5 18. f4 Bg7 19. e5 c4 20. Nf3 Bb7 21. b3 Nxd5 22. Bc1 Nc3 23. Qd2 Nxb1 24. Bxb1 Bxf3 25. Rxf3 dxe5 26. fxe5 Qxd2 27. Bxd2 Bxe5 28. Ba2 Rfd8 29. Be1 Rd1 30. Kf1 Ra1 31. Rf2 Bg3 0-1